Rois de France aléatoire ( Capétien) - Statistiques

Statistiques générales
  • Ce quiz a été pris 33 fois
  • Le résultat moyen est 11 sur 15
Statistiques - réponses
Réponse % Correct
Philippe 2 Auguste 1180-1223
85%
Hugues Capet 987-996
85%
Philippe 1er 1060-1108
77%
Louis 6 Le Gros 1108-1137
77%
Louis 7 Le Jeune 1137-1180
77%
Louis 8 Le Lion 1223-1226
77%
Louis 9 Saint Louis 1226-1270
77%
Philippe 3 Le Hardi 1270-1285
77%
Philippe 4 Le Bel 1285-1314
77%
Jean 1 Le Posthume 1316
77%
Robert 2 Le Pieux 996-1031
77%
Henri 1er 1031-1060
69%
Louis 10 Le Hutin 1314-1316
62%
Philippe 5 Le Long 1316-1322
62%
Charles 4 Le Bel 1322-1328
62%
Aucun quiz correspondant
Distribution des résultats
% des personnes avec chaque résultat
Percentile par nombre de réponses
Votre historique - résultats
Vous n’avez pas pris ce quiz